00413nam a2200145Ia 4500008004100000020003000041040002600071082001500097100004100112245006000153250001100213260002200224003000400246005001700250241127s9999||||xx |||||||||||||| ||und|| a9780721691411c319.8319.8 bengcSSK Libraryerda a610.73/FUN a Helen Harkreader & Mary Ann Hogan - 0aFundamentals Of Nursing : Caring And Clinical Judgement a2nd ed b Saundersc©2004OSt20241127152900.0